000 01253cam a22003494a 4500
999 _c129890
_d129890
001 12801435
003 ARRUPE
005 20190924113744.0
008 020604u2001 sa a b 001 0 eng
010 _a 2002403741
020 _a1919713565
040 _aDLC
_cDLC
_dDLC
042 _apcc
043 _af-sa---
050 0 0 _aHF1613.4
_b.B66 2001
082 0 0 _a332/.042/0968
_222
100 1 _aBond, Patrick.
_96724
245 1 0 _aAgainst global apartheid :
_bSouth Africa meets the World Bank, IMF, and international finance /
_cPatrick Bond.
260 _aLansdowne :
_bUniversity of Cape Town Press,
_c2001.
300 _axxiv, 302 p. :
_bill. ;
_c21 cm.
504 _aIncludes bibliographical references and index.
610 1 0 _aWorld Bank.
_910370
610 1 0 _aInternational Monetary Fund.
_926656
650 0 _aApartheid.
_948268
650 0 _aGlobalization.
_94951
650 0 _aInternational finance.
_918267
651 0 _aSouth Africa
_xForeign economic relations.
_928168
856 4 1 _3Table of contents
_uhttp://www.loc.gov/catdir/toc/fy041/2002403741.html
906 _a7
_bcbc
_corignew
_d3
_encip
_f20
_gy-gencatlg
942 _2lcc
_cMONOGRAPH